pays avec le budget militaire le plus élevé du monde - Statistiques

Statistiques générales
  • Ce quiz a été pris 357 fois
  • Le résultat moyen est 9 sur 10
Statistiques - réponses
Budget (en milliards) Réponse % Correct
53,6 France
100%
292 Chine
99%
877 États-unis
98%
86,4 Russie
98%
46 Japon
92%
55,8 Allemagne
91%
81,4 Inde
87%
68,5 Royaume-uni
87%
46,4 Corée du Sud
77%
75 Arabie saoudite
45%
Aucun quiz correspondant
Distribution des résultats
% des personnes avec chaque résultat
Percentile par nombre de réponses
Votre historique - résultats
Vous n’avez pas pris ce quiz